Normal view
MARC view
- Western civilization
Entry Topical Term
001 - CONTROL NUMBER
- control field: 55035
003 - CONTROL NUMBER IDENTIFIER
- control field: OSt
005 - DATE AND TIME OF LATEST TRANSACTION
- control field: 20240319134138.0
008 - FIXED-LENGTH DATA ELEMENTS
- fixed length control field: 240319|| aca||aabn | a|a d
040 ## - CATALOGING SOURCE
- Original cataloging agency: OSt
- Transcribing agency: OSt
150 ## - HEADING--TOPICAL TERM
- Topical term or geographic name entry element: Western civilization
- General subdivision: History
- General subdivision: Sources.
670 ## - SOURCE DATA FOUND
- Source citation: Work cat.: (OSt): Readings in the Western humanities /, ©1998.
